000 00952nam a22003017a 4500
001 BR0101612
003 BR-BrBNA
005 20230928100813.0
007 ta
008 230509b bl.||||| |||| 00| 0 por d
040 _aBR-BrBNA
_bpor
_cBiblioteca Nacional de Agricultura
041 _a(Por)
072 _aE13
090 _ E13 BR0101612
100 1 _aMattos, F.L. de
110 1 _aEscola Superior de Agricultura Luiz de Queiroz, Piracicaba, SP (Brasil)
_0Tese (Mestre em Ciencias)
245 1 _aUtilizacao de contratos futuros agropecuarios em carteiras de investimentos: uma analise de viabilidade
260 3 _aPiracicaba, SP (Brasil):
_c2000.
300 _a104 p.
500 _aSummaries (Eng, Por); 33 ref.; 24 tables
650 _aFinanciamento
650 _aPolitica Monetaria
650 _aInvestimento
650 _aCarteira Agricola
650 _aModelo Matematico
909 _a202309
_bLucia
_c55
_dLucia Elande
942 _cBK
999 _c62878
_d62878